Riddle School — All Characters - Statistics

General Stats
  • This quiz has been taken 21 times
  • The average score is 24 of 36
Answer Stats
Characters Answer % Correct
Student 5
100%
Alien Diz
100%
Main Phil Eggtree
100%
Main Phred Whistler
100%
Main Smiley Sundae
100%
Main Zack Kelvin
100%
Student Chubb Munch
93%
Alien Quiz
93%
Alien Viz
93%
Student Greg Sleep
86%
Staff Mrs. Munch
86%
Student Richy
86%
Staff Mr. Mister
79%
Teacher Mr. Munch
79%
Teacher Mrs. Sleep
79%
Teacher Ms. Cophey
79%
Zone 5.1 Messie
71%
Teacher Mrs. Oddverb
71%
Zone 5.1 Goat-Man
64%
Teacher Mrs. Flask
64%
Alien Nit Wit
64%
Zone 5.1 Bigtoe
57%
Staff Mr. Potato
57%
Zone 5.1 Yeddy
57%
Teacher Mr. O. Boe
50%
Teacher Mr. Soggy
50%
Teacher Ms. Green
50%
Teacher Mr. Kahm
43%
Staff 808
36%
Student Joe
36%
Staff Mr. Cwesschyn
36%
Staff Mr. Read
36%
Teacher Mr. Sum
36%
Teacher Ms. Count
36%
Staff Mrs. Mooses
29%
Alien Oswald
29%
No matching quizzes found
Score Distribution
Percent of People with Each Score
Percentile by Number Answered
Your Score History
You have not taken this quiz